[Event "Subotica City-ch"]
[Site "Subotica"]
[Date "2019.03.08"]
[Round "6"]
[White "Takac, Stevan"]
[Black "Pasztor, Sandor S"]
[Result "0-1"]
[WhiteElo "1346"]
[BlackElo "1683"]
[PlyCount "86"]
[EventDate "2019.02.25"]
[EventType "swiss"]
[EventRounds "9"]
[EventCountry "SRB"]
[SourceTitle "CBM 189 Extra"]
[Source "ChessBase"]
[SourceDate "2019.05.31"]
[SourceVersion "1"]
[SourceVersionDate "2019.05.31"]
[SourceQuality "1"]

1. e4 g6 2. d4 Bg7 3. Nf3 d6 4. c3 Nf6 5. Bd3 Bg4 6. 0-0 Nbd7 7. Be3 c5 8. Nbd2 0-0 9. Qb3 Rb8 10. h3 Bxf3 11. Nxf3 b5 12. Qc2 c4 13. Be2 a6 14. b3 Nb6 15. d5 Nfd7 16. Qd2 Qc7 17. Bh6 Nf6 18. Bxg7 Kxg7 19. Qd4 Kg8 20. Nd2 Rfc8 21. a3 cxb3 22. Nxb3 Qxc3 23. Qxc3 Rxc3 24. Nd2 Rc2 25. Rfd1 Nc4 26. Bxc4 bxc4 27. Rac1 Rbb2 28. Rxc2 Rxc2 29. f3 Nh5 30. Kh2 c3 31. Nb3 Nf4 32. Rg1 Rb2 33. Nc1 e6 34. dxe6 fxe6 35. Kg3 g5 36. h4 h6 37. hxg5 hxg5 38. Kh2 d5 39. exd5 exd5 40. Kg3 Ne2+ 41. Nxe2 Rxe2 42. Rc1 c2 43. Kh3 d4 0-1

[Event "Stari Zednik"]
[Site "Stari Zednik"]
[Date "2017.06.26"]
[Round "8"]
[White "Pasztor, Sandor S"]
[Black "Miljkovic, Vukasin"]
[Result "1/2-1/2"]
[WhiteElo "1740"]
[BlackElo "1781"]
[PlyCount "37"]
[EventDate "2017.06.14"]
[EventType "swiss"]
[EventRounds "9"]
[EventCountry "SRB"]
[SourceTitle "CBM 179 Extra"]
[Source "ChessBase"]
[SourceDate "2017.08.23"]
[SourceVersion "1"]
[SourceVersionDate "2017.08.23"]
[SourceQuality "1"]

1. d4 d5 2. c4 Nf6 3. Nc3 c6 4. Bf4 dxc4 5. e4 b5 6. Nf3 Bg4 7. Be2 e6 8. h3 Bxf3 9. Bxf3 Bb4 10. 0-0 Bxc3 11. bxc3 h6 12. Bxb8 Rxb8 13. a4 a6 14. axb5 axb5 15. d5 cxd5 16. exd5 Nxd5 17. Bxd5 Qxd5 18. Qxd5 exd5 19. Rfe1+ 1/2-1/2

[Event "Stari Zednik"]
[Site "Stari Zednik"]
[Date "2017.06.19"]
[Round "4"]
[White "Pasztor, Sandor S"]
[Black "Sijan, Branko"]
[Result "1/2-1/2"]
[WhiteElo "1740"]
[BlackElo "1767"]
[PlyCount "102"]
[EventDate "2017.06.14"]
[EventType "swiss"]
[EventRounds "9"]
[EventCountry "SRB"]
[SourceTitle "CBM 179 Extra"]
[Source "ChessBase"]
[SourceDate "2017.08.23"]
[SourceVersion "1"]
[SourceVersionDate "2017.08.23"]
[SourceQuality "1"]

1. d4 e6 2. c4 Nf6 3. Nc3 Bb4 4. Nf3 Bxc3+ 5. bxc3 d6 6. Bg5 h6 7. Bh4 c6 8. Qa4 Nbd7 9. Qb4 c5 10. Qa4 0-0 11. e3 Qb6 12. Bd3 Qb2 13. 0-0 Qxc3 14. Rfd1 Nb6 15. Qb3 Qxb3 16. axb3 cxd4 17. exd4 g5 18. Bg3 d5 19. Be5 Nbd7 20. Bd6 Re8 21. c5 Ne4 22. Bxe4 dxe4 23. Nd2 f5 24. Nc4 Kg7 25. b4 Kg6 26. b5 Nf8 27. Nb6 Bd7 28. Nxa8 Rxa8 29. Ra5 a6 30. bxa6 bxa6 31. Bxf8 Rxf8 32. Rxa6 Rc8 33. h3 Bb5 34. Rb6 Bc4 35. Rc1 Bd5 36. c6 Rc7 37. Kf1 f4 38. g3 Kf5 39. Rc5 h5 40. Ke1 e3 41. gxf4 Kxf4 42. Rc3 exf2+ 43. Kxf2 g4 44. hxg4 hxg4 45. Re3 Be4 46. Reb3 Rxc6 47. Rxc6 Bxc6 48. Re3 Bd5 49. Re5 g3+ 50. Kg1 g2 51. Re1 Be4 1/2-1/2

[Event "Subotica-ch op"]
[Site "Subotica"]
[Date "2017.02.24"]
[Round "2"]
[White "Pasztor, Sandor S"]
[Black "Petrovic, Nikola H"]
[Result "1-0"]
[WhiteElo "1757"]
[BlackElo "2019"]
[PlyCount "43"]
[EventDate "2017.02.22"]
[EventType "swiss"]
[EventRounds "9"]
[EventCountry "SRB"]
[SourceTitle "CBM 177 Extra"]
[Source "ChessBase"]
[SourceDate "2017.04.27"]
[SourceVersion "1"]
[SourceVersionDate "2017.04.27"]
[SourceQuality "1"]

1. d4 d5 2. c4 c5 3. Nc3 Nf6 4. Bg5 Qa5 5. Qa4+ Nc6 6. Qxa5 Nxa5 7. Bxf6 exf6 8. Nxd5 Bd6 9. dxc5 Be5 10. 0-0-0 Nxc4 11. b3 Bf5 12. bxc4 0-0 13. Ne7+ Kh8 14. Nxf5 Rac8 15. e3 Rxc5 16. Nd6 Ra5 17. Nxf7+ Kg8 18. Nxe5 fxe5 19. Rd2 b5 20. Nf3 bxc4 21. Bxc4+ Kh8 22. Rhd1 1-0

[Event "Lakitelek Magyarok op"]
[Site "Lakitelek"]
[Date "2011.08.11"]
[Round "7"]
[White "Pasztor, Sandor S"]
[Black "Jakab, Zsolt"]
[Result "0-1"]
[WhiteElo "1779"]
[BlackElo "1714"]
[PlyCount "89"]
[EventDate "2011.08.06"]
[EventType "swiss"]
[EventRounds "9"]
[EventCountry "HUN"]
[SourceTitle "CBM 144 Extra"]
[Source "ChessBase"]
[SourceDate "2011.10.28"]
[SourceVersion "1"]
[SourceVersionDate "2011.10.28"]
[SourceQuality "1"]

1. d4 Nf6 2. c4 e6 3. Nc3 d5 4. Nf3 Be7 5. Bf4 0-0 6. e3 Nbd7 7. Bd3 dxc4 8. Bxc4 c6 9. h3 b6 10. 0-0 Bb7 11. Rc1 Rc8 12. Qe2 Nd5 13. Bh2 c5 14. Ba6 Bxa6 15. Qxa6 Nxc3 16. Rxc3 Ra8 17. Rfc1 Qc8 18. Qxc8 Rfxc8 19. b4 f6 20. dxc5 bxc5 21. Nd4 Kf7 22. Nb5 e5 23. f4 a6 24. Na3 Rab8 25. fxe5 fxe5 26. Nb1 Rxb4 27. a3 Rb2 28. e4 Rcb8 29. Rf3+ Ke6 30. Nc3 g6 31. Nd5 Bd6 32. Bg3 Rb1 33. Rxb1 Rxb1+ 34. Kh2 c4 35. Rc3 Ra1 36. Rxc4 Rxa3 37. Rc6 Nc5 38. Nb6 Nxe4 39. Bxe5 Rc3 40. Nc4 Rxc4 41. Rxc4 Bxe5+ 42. Kg1 Kd5 43. Rc8 a5 44. Ra8 Bc3 45. Ra7 0-1

[Event "Lakitelek Magyarok op"]
[Site "Lakitelek"]
[Date "2011.08.08"]
[Round "3"]
[White "Pasztor, Sandor S"]
[Black "Adzic, Anna"]
[Result "1/2-1/2"]
[WhiteElo "1779"]
[BlackElo "1531"]
[PlyCount "45"]
[EventDate "2011.08.06"]
[EventType "swiss"]
[EventRounds "9"]
[EventCountry "HUN"]
[SourceTitle "CBM 144 Extra"]
[Source "ChessBase"]
[SourceDate "2011.10.28"]
[SourceVersion "1"]
[SourceVersionDate "2011.10.28"]
[SourceQuality "1"]

1. d4 d5 2. c4 dxc4 3. Nc3 Nf6 4. Nf3 e6 5. e4 c6 6. Bxc4 Be7 7. 0-0 0-0 8. h3 b5 9. Bd3 a6 10. e5 Nd5 11. Be4 Bb7 12. Qc2 h6 13. a3 Nd7 14. Ne2 Rc8 15. b4 a5 16. bxa5 Qxa5 17. Bd2 Qd8 18. Qb2 Ba6 19. Rfc1 N7b6 20. Ba5 Qd7 21. Bd3 Bd8 22. Bb4 Nxb4 23. axb4 1/2-1/2

[Event "Lakitelek Magyarok op"]
[Site "Lakitelek"]
[Date "2011.08.07"]
[Round "2"]
[White "Bodnar, Geza"]
[Black "Pasztor, Sandor S"]
[Result "1/2-1/2"]
[WhiteElo "1777"]
[BlackElo "1779"]
[PlyCount "26"]
[EventDate "2011.08.06"]
[EventType "swiss"]
[EventRounds "9"]
[EventCountry "HUN"]
[SourceTitle "CBM 144 Extra"]
[Source "ChessBase"]
[SourceDate "2011.10.28"]
[SourceVersion "1"]
[SourceVersionDate "2011.10.28"]
[SourceQuality "1"]

1. d4 Nf6 2. c4 g6 3. Nc3 Bg7 4. e4 d6 5. Bf4 Bg4 6. Be2 Bxe2 7. Ngxe2 Nc6 8. 0-0 Nh5 9. d5 Nxf4 10. Nxf4 Ne5 11. b3 Nxc4 12. bxc4 Bxc3 13. Rb1 b6 1/2-1/2

[Event "Lakitelek Magyarok op"]
[Site "Lakitelek"]
[Date "2011.08.06"]
[Round "1"]
[White "Pasztor, Sandor S"]
[Black "Valis, Janos"]
[Result "0-1"]
[WhiteElo "1779"]
[BlackElo "2068"]
[PlyCount "54"]
[EventDate "2011.08.06"]
[EventType "swiss"]
[EventRounds "9"]
[EventCountry "HUN"]
[SourceTitle "CBM 144 Extra"]
[Source "ChessBase"]
[SourceDate "2011.10.28"]
[SourceVersion "1"]
[SourceVersionDate "2011.10.28"]
[SourceQuality "1"]

1. d4 Nf6 2. c4 g6 3. Nc3 Bg7 4. e4 d6 5. Nf3 0-0 6. Be2 e5 7. dxe5 dxe5 8. Qxd8 Rxd8 9. Bg5 c6 10. 0-0 Re8 11. Rfd1 Bg4 12. h3 Bxf3 13. Bxf3 Nfd7 14. Bg4 Nf8 15. Rd6 h5 16. Be2 Ne6 17. Be3 Nd4 18. Rd1 Bf8 19. Rf6 Kg7 20. Rf3 Nxf3+ 21. Bxf3 Na6 22. a3 Bc5 23. Bg5 f6 24. Bh4 Rad8 25. b4 Rxd1+ 26. Bxd1 Bd4 27. Na4 b5 0-1

[Event "Senta op-B 12th"]
[Site "Senta"]
[Date "2008.07.20"]
[Round "4"]
[White "Pasztor, Sandor S"]
[Black "Hajdu, Istvan"]
[Result "0-1"]
[WhiteElo "1888"]
[BlackElo "2073"]
[PlyCount "96"]
[EventDate "2008.07.18"]
[EventType "swiss"]
[EventRounds "9"]
[EventCountry "YUG"]
[SourceTitle "CBM 125 Extra"]
[Source "ChessBase"]
[SourceDate "2008.09.01"]
[SourceVersion "1"]
[SourceVersionDate "2008.09.01"]
[SourceQuality "1"]

1. d4 d5 2. c4 e6 3. Nf3 Nf6 4. Nc3 b6 5. Bf4 Bd6 6. Bg5 Bb7 7. cxd5 exd5 8. e3 0-0 9. Bd3 h6 10. Bh4 Nbd7 11. Nb5 Bb4+ 12. Nd2 a6 13. Nc3 Re8 14. 0-0 Be7 15. Bg3 c5 16. Ne2 Nh5 17. Rc1 Rc8 18. b3 b5 19. Bf5 g6 20. Bg4 Nxg3 21. fxg3 Bg5 22. Nf4 Rxe3 23. dxc5 Rxc5 24. Nf3 Rxc1 25. Qxc1 Qb6 26. Kh1 Nf6 27. Bc8 Bxf4 28. gxf4 Re2 29. f5 Bxc8 30. Qxc8+ Re8 31. Qc1 Ng4 32. Qd2 Kg7 33. h3 Nf6 34. fxg6 fxg6 35. Nh4 Qe3 36. Qc2 Qe4 37. Qf2 Qe6 38. Qg3 Ne4 39. Qe3 Qe5 40. Rf4 Re7 41. Kh2 d4 42. Qf3 d3 43. Qg4 Ng5 44. Kg1 Qe3+ 45. Kh2 d2 46. Rf1 h5 47. Rc1 Rf7 48. Rg1 Qxg1+ 0-1

[Event "Senta op-B 12th"]
[Site "Senta"]
[Date "2008.07.20"]
[Round "5"]
[White "Vecseri, Julius"]
[Black "Pasztor, Sandor S"]
[Result "1-0"]
[WhiteElo "2049"]
[BlackElo "1888"]
[PlyCount "159"]
[EventDate "2008.07.18"]
[EventType "swiss"]
[EventRounds "9"]
[EventCountry "YUG"]
[SourceTitle "CBM 125 Extra"]
[Source "ChessBase"]
[SourceDate "2008.09.01"]
[SourceVersion "1"]
[SourceVersionDate "2008.09.01"]
[SourceQuality "1"]

1. d4 Nf6 2. c4 d6 3. Nc3 g6 4. Nf3 Bg7 5. Bg5 b6 6. Qd2 h6 7. Bh4 Bb7 8. d5 Nbd7 9. e4 Nc5 10. Qc2 a6 11. Be2 c6 12. b4 Ncd7 13. Rd1 cxd5 14. Nxd5 Nxd5 15. exd5 Rc8 16. Qb3 0-0 17. 0-0 Nf6 18. Nd2 Rc7 19. Rfe1 Bc8 20. Nf3 Ne4 21. Nd4 Bxd4 22. Rxd4 f5 23. Bd3 g5 24. Bxe4 fxe4 25. Bg3 Bf5 26. f3 exf3 27. Qxf3 Qc8 28. Qe2 Rf6 29. Bf2 e5 30. dxe6 Rxe6 31. Qf3 b5 32. g4 Bg6 33. Qd5 Bf7 34. Rxe6 Bxe6 35. Qxd6 Bxc4 36. Qxh6 Rg7 37. Qf6 Qe6 38. Rd8+ Kh7 39. Qf3 Rg6 40. Bd4 Qe1+ 41. Kg2 Qd2+ 42. Kg3 Qf4+ 43. Qxf4 gxf4+ 44. Kxf4 Rh6 45. Rh8+ Kg6 46. Rxh6+ Kxh6 47. a3 Bd3 48. h4 Kg6 49. Kg3 Bc2 50. Bc5 Bd1 51. Kf4 Kf6 52. h5 Kg7 53. Bd4+ Kh7 54. Kg3 Be2 55. Kh4 Bd3 56. g5 Bc2 57. Kg3 Bd1 58. g6+ Kh6 59. g7 Bb3 60. Kh4 Bf7 61. Bf6 Bg8 62. Kg4 Be6+ 63. Kf4 Kxh5 64. Ke5 Bf7 65. Kd6 Kg6 66. Bd4 Kh7 67. Kc6 Be6 68. Kb6 Bc8 69. Kc7 Be6 70. Kb7 Bd5+ 71. Kxa6 Bc4 72. Ka5 Kg8 73. a4 bxa4 74. Kxa4 Kf7 75. Ka5 Ke7 76. Kb6 Kd7 77. Bc5 Bd5 78. b5 Bc4 79. Kb7 Bd5+ 80. Ka7 1-0

[Event "Senta op-B 12th"]
[Site "Senta"]
[Date "2008.07.19"]
[Round "3"]
[White "Pasztor, Sandor S"]
[Black "Ostojic, Slobodan"]
[Result "1-0"]
[WhiteElo "1888"]
[BlackElo "1958"]
[PlyCount "78"]
[EventDate "2008.07.18"]
[EventType "swiss"]
[EventRounds "9"]
[EventCountry "YUG"]
[SourceTitle "CBM 125 Extra"]
[Source "ChessBase"]
[SourceDate "2008.09.01"]
[SourceVersion "1"]
[SourceVersionDate "2008.09.01"]
[SourceQuality "1"]

1. d4 Nf6 2. c4 g6 3. Nc3 Bg7 4. Nf3 d6 5. e4 0-0 6. Be2 h6 7. 0-0 Nbd7 8. Be3 Ng4 9. Bd2 c5 10. d5 Nge5 11. Qc1 Nxf3+ 12. Bxf3 Kh7 13. Be2 Nb6 14. f4 f5 15. e5 e6 16. Be3 a6 17. Rd1 exd5 18. Nxd5 Nxd5 19. Rxd5 b5 20. Rxd6 Qe7 21. Qd2 Rb8 22. Rd1 g5 23. fxg5 hxg5 24. Bxg5 Qxe5 25. Bf4 Qe7 26. Qd3 Rb7 27. Qh3+ Kg8 28. Bf3 Bd4+ 29. Kh1 Rd7 30. Bd5+ Rf7 31. Rg6+ Bg7 32. Rxg7+ Kxg7 33. Qh6+ Kg8 34. Qg6+ Kh8 35. Qh5+ Rh7 36. Qxf5 Rxd5 37. Qxd5 Be6 38. Be5+ Kg8 39. Qa8+ Qf8 1-0